مكتبة جامعة عجلون الوطنية

فهرس بحث المكتبة

Normal view MARC view
  • حرب (الإسلام)-- أسرى الحرب -- الإسلام وحقوق مدنية -- حرب -- إغاثة المرضى والجرحى

Entry Topical Term

Number of records used in: 1

001 - CONTROL NUMBER

  • control field: 52972

003 - CONTROL NUMBER IDENTIFIER

  • control field: JO-AjAnu

005 - DATE AND TIME OF LATEST TRANSACTION

  • control field: 20230606082713.0

008 - FIXED-LENGTH DATA ELEMENTS

  • fixed length control field: 230606|| aca||aabn | a|a d

040 ## - CATALOGING SOURCE

  • Original cataloging agency: JO-AjAnu
  • Transcribing agency: JO-AjAnu

150 ## - HEADING--TOPICAL TERM

  • Topical term or geographic name entry element: حرب (الإسلام)-- أسرى الحرب -- الإسلام وحقوق مدنية -- حرب -- إغاثة المرضى والجرحى

670 ## - SOURCE DATA FOUND

  • Source citation: Work cat.: (JO-AjAnu)27064: محمود، عبد الغنى عبد الحميد , author 52971, حماية ضحايا النزاعات المسلحة في القانون الدولي الانساني والشريعة الاسلامية